<?xml version="1.0" encoding="UTF-8"?>
<record
    xmlns:xsi="http://www.w3.org/2001/XMLSchema-instance"
    xsi:schemaLocation="http://www.loc.gov/MARC21/slim http://www.loc.gov/standards/marcxml/schema/MARC21slim.xsd"
    xmlns="http://www.loc.gov/MARC21/slim">

  <leader>01781nam a22003017u 4500</leader>
  <controlfield tag="001">pwiiw2982</controlfield>
  <controlfield tag="003">OSt</controlfield>
  <controlfield tag="005">20260516120039.0</controlfield>
  <controlfield tag="008">130808t2013    au ||||| |||| 00| ||eng d</controlfield>
  <datafield tag="040" ind1=" " ind2=" ">
    <subfield code="c">OSt</subfield>
  </datafield>
  <datafield tag="041" ind1=" " ind2=" ">
    <subfield code="a">eng</subfield>
  </datafield>
  <datafield tag="084" ind1=" " ind2=" ">
    <subfield code="a">F15</subfield>
    <subfield code="a">F17</subfield>
    <subfield code="a">P33</subfield>
    <subfield code="2">jelc</subfield>
  </datafield>
  <datafield tag="100" ind1="1" ind2=" ">
    <subfield code="a">Holzner, Mario</subfield>
  </datafield>
  <datafield tag="245" ind1="1" ind2="0">
    <subfield code="a">Impact of Croatian EU Accession on Regional Trade Patterns</subfield>
  </datafield>
  <datafield tag="260" ind1=" " ind2=" ">
    <subfield code="a">Wien :</subfield>
    <subfield code="b">Wiener Institut f&#xFC;r Internationale Wirtschaftsvergleiche (wiiw),</subfield>
    <subfield code="c">2013.</subfield>
  </datafield>
  <datafield tag="300" ind1=" " ind2=" ">
    <subfield code="a">15 S., </subfield>
    <subfield code="b">3 Tables and 4 Figures,</subfield>
    <subfield code="c">30cm.</subfield>
  </datafield>
  <datafield tag="490" ind1="1" ind2=" ">
    <subfield code="a">wiiw Policy Notes and Reports</subfield>
    <subfield code="v">10</subfield>
  </datafield>
  <datafield tag="520" ind1=" " ind2=" ">
    <subfield code="a">Summary 

This report aims to analyse the regional trade effects of Croatia&#x2019;s accession to the EU and simultaneous exit from the CEFTA agreement on 1st July 2013. The Global Simulation Model (GSIM) as proposed by Francois and Hall (2003) is being applied. As the change in Croatian tariff protection is rather small, price and output changes for most CEFTA countries are expected to be mostly negligible. Only for Croatia the simulation suggests that overall consumer prices might fall by as much as 0.39% and real output by 0.41%, in the short run. However, it can be expected that EU support funds will offset that loss many times over. The share of Croatian exports to the EU is expected to increase by 2.2 percentage points, while the share of exports to the CEFTA countries and to the rest of the world is expected to drop by 0.7 and 1.5 percentage points, respectively.
</subfield>
  </datafield>
  <datafield tag="650" ind1=" " ind2=" ">
    <subfield code="a">trade policy simulation</subfield>
  </datafield>
  <datafield tag="650" ind1=" " ind2=" ">
    <subfield code="a">Croatia</subfield>
  </datafield>
  <datafield tag="650" ind1=" " ind2=" ">
    <subfield code="a">EU accession</subfield>
  </datafield>
  <datafield tag="650" ind1=" " ind2=" ">
    <subfield code="a">CEFTA</subfield>
  </datafield>
  <datafield tag="651" ind1=" " ind2=" ">
    <subfield code="a">Croatia</subfield>
  </datafield>
  <datafield tag="690" ind1=" " ind2=" ">
    <subfield code="a">International Trade, Competitiveness and FDI</subfield>
  </datafield>
  <datafield tag="830" ind1=" " ind2="0">
    <subfield code="v">10</subfield>
    <subfield code="w">WIIW0000092</subfield>
    <subfield code="t">wiiw Policy Notes and Reports</subfield>
  </datafield>
  <datafield tag="856" ind1="4" ind2="0">
    <subfield code="u">https://wiiw.ac.at/p-2982.html</subfield>
  </datafield>
  <datafield tag="942" ind1=" " ind2=" ">
    <subfield code="c">P</subfield>
  </datafield>
  <datafield tag="999" ind1=" " ind2=" ">
    <subfield code="c">8521</subfield>
    <subfield code="d">8521</subfield>
  </datafield>
  <datafield tag="952" ind1=" " ind2=" ">
    <subfield code="0">0</subfield>
    <subfield code="1">0</subfield>
    <subfield code="4">0</subfield>
    <subfield code="7">0</subfield>
    <subfield code="a">BIB</subfield>
    <subfield code="b">BIB</subfield>
    <subfield code="c">1</subfield>
    <subfield code="d">2013-08-08</subfield>
    <subfield code="i">pwiiw2982</subfield>
    <subfield code="l">0</subfield>
    <subfield code="o">/10</subfield>
    <subfield code="p">1000010002982</subfield>
    <subfield code="r">2013-08-08 00:00:00</subfield>
    <subfield code="w">2018-07-19</subfield>
    <subfield code="y">P</subfield>
  </datafield>
</record>
